00783 2200265 4500001002100000005001500021035002500036008004100061020002200102040001700124082001700141084001700158245009900175260003000274300004200304650003100346700000900377850001200386007000300398090002100401090002200422504002900444999002200473990002200495INLIS00000000001815220200611102853 a0010-031600000000162160308s2015 yoia g ind d a978-979-29-5096-0 aYOPDYOGbind04222a001.4226 a001.4226 BEL00aBelajar cepat analisis statistik parametrik dan non parametrik dengan SPSS /cpenyunting, Maya3 aYogyakarta :bAndi,c2015 avi, 214 halaman :bilustrasi ;c23 cm 4aStatistik--xMetode grafis0 aMaya aYOPDYOGta aDEP 001.4226 BEL aCB-D.11 2015-1263 aBibliografi: halaman 207 aCB-D.11/2015-1263 aCB-D.11/2015-1263